[Event "Hastings Challengers 1995/96"]
[Site "Hastings"]
[Date "1995.12.29"]
[Round "2"]
[White "Sher, Miron Naumovich"]
[Black "Ferguson, Mark"]
[Result "1-0"]
[WhiteElo "2510"]
[BlackElo "2360"]
[PlyCount "188"]
[EventDate "1995.12.28"]
[EventType "swiss"]
[EventRounds "11"]
[EventCountry "ENG"]
[SourceTitle "BritBase"]
[Source "John Saunders"]
[SourceDate "2025.01.31"]
[SourceVersion "1"]
[SourceVersionDate "2025.01.31"]
[SourceQuality "1"]

1. c4 c6 2. e4 d5 3. exd5 Nf6 4. d4 cxd5 5. Nc3 e6 6. Nf3 Be7 7. cxd5 Nxd5 8. Bd3 O-O 9. O-O Nxc3 10. bxc3 Nd7 11. Re1 Qc7 12. c4 b6 13. Bb2 Bf6 14. Qd2 Bb7 15. Ng5 g6 16. h4 Qd8 17. Qf4 Rc8 18. Rac1 Qc7 19. Qe3 Qd8 20. Rc2 Re8 21. Qg3 Nf8 22. Be4 Ba6 23. Qb3 Rc7 24. Nf3 Qc8 25. Rec1 Bb7 26. Qe3 Bxe4 27. Qxe4 Bg7 28. h5 Nd7 29. hxg6 hxg6 30. Qf4 Bf6 31. Ng5 Qd8 32. Ne4 Bg7 33. Nd6 Rf8 34. Nb5 Rb7 35. Ba3 a6 36. Bxf8 Nxf8 37. Nd6 Rd7 38. c5 e5 39. dxe5 Ne6 40. Qe3 Nxc5 41. Rxc5 bxc5 42. Rxc5 Rc7 43. g3 Qe7 44. Rxc7 Qxc7 45. e6 fxe6 46. Qxe6+ Kh7 47. Ne4 Qa5 48. Kg2 Qb5 49. Qh3+ Kg8 50. Qc8+ Kh7 51. Qe6 Qa5 52. f4 Qf5 53. Ng5+ Kh6 54. Qxa6 Qc2+ 55. Kf3 Qd1+ 56. Qe2 Qh1+ 57. Ke3 Qg1+ 58. Ke4 Qb1+ 59. Kf3 Qh1+ 60. Ke3 Qg1+ 61. Ke4 Qb1+ 62. Qd3 Qe1+ 63. Kd5 Qa5+ 64. Ke4 Qe1+ 65. Qe3 Qb1+ 66. Kf3 Qxa2 67. Qd3 Qa1 68. Kg2 Qb2+ 69. Kh3 Qc1 70. Qf3 Qe1 71. Ne4 Kh7 72. Ng5+ Kh6 73. Qg2 Qd1 74. g4 Qd3+ 75. Nf3 Kh7 76. Kg3 Kg8 77. Qa2+ Kh7 78. Qa7 Kg8 79. Qa8+ Kh7 80. Qb7 Kg8 81. Qc8+ Kh7 82. Qc7 Kg8 83. Qe5 Kh7 84. Kf2 Qd7 85. Kg3 Qd3 86. Qc7 Kg8 87. Qc6 Kh7 88. Kh4 Qd1 89. Qe4 Qf1 90. Kg3 Qd1 91. Qc4 Qb1 92. Qe2 Qb3 93. Qe4 Qd1 94. Qe3 Qh1 1-0

[Event "Hastings Challengers 1995/96"]
[Site "Hastings"]
[Date "1995.12.29"]
[Round "2"]
[White "Williams, Leighton"]
[Black "Wilson, Jonathan G"]
[Result "1/2-1/2"]
[WhiteElo "2110"]
[BlackElo "2245"]
[PlyCount "81"]
[EventDate "1995.12.28"]
[EventType "swiss"]
[EventRounds "11"]
[EventCountry "ENG"]
[SourceTitle "BritBase"]
[Source "John Saunders"]
[SourceDate "2025.01.31"]
[SourceVersion "1"]
[SourceVersionDate "2025.01.31"]
[SourceQuality "1"]

1. d4 d5 2. c4 c6 3. Nf3 Nf6 4. Nc3 e6 5. Bg5 dxc4 6. e4 b5 7. e5 h6 8. Bh4 g5 9. Nxg5 hxg5 10. Bxg5 Nbd7 11. g3 Bb7 12. exf6 c5 13. d5 Qb6 14. Bg2 O-O-O 15. O-O b4 16. Na4 Qb5 17. a3 exd5 18. axb4 cxb4 19. Qg4 d4 20. Bxb7+ Kxb7 21. Qe4+ Qc6 22. Qxd4 Bd6 23. Rfe1 Rde8 24. Rxe8 Rxe8 25. Be3 Nb6 26. Nxb6 axb6 27. Rd1 Be5 28. Qd2 c3 29. bxc3 bxc3 30. Qa2 Re6 31. Rb1 Qe8 32. Qd5+ Kc7 33. Ra1 Qc6 34. Ra7+ Kb8 35. Qxc6 Rxc6 36. Rxf7 Bxf6 37. g4 c2 38. Bc1 b5 39. g5 Bxg5 40. f4 Bh6 41. Rf5 1/2-1/2

[Event "Hastings Challengers 1995/96"]
[Site "Hastings"]
[Date "1995.12.29"]
[Round "2"]
[White "Wood, David A"]
[Black "Hunt, Adam C"]
[Result "1/2-1/2"]
[WhiteElo "2285"]
[BlackElo "2180"]
[PlyCount "37"]
[EventDate "1995.12.28"]
[EventType "swiss"]
[EventRounds "11"]
[EventCountry "ENG"]
[SourceTitle "BritBase"]
[Source "John Saunders"]
[SourceDate "2025.01.31"]
[SourceVersion "1"]
[SourceVersionDate "2025.01.31"]
[SourceQuality "1"]

1. e4 c5 2. Nf3 d6 3. d4 cxd4 4. Nxd4 Nf6 5. Nc3 a6 6. f4 Qc7 7. Nf3 Nbd7 8. Bd3 g6 9. O-O Bg7 10. Qe1 O-O 11. Kh1 e6 12. f5 b5 13. fxe6 fxe6 14. a3 Bb7 15. Qh4 Nc5 16. Bd2 Rae8 17. Rae1 e5 18. Ng5 Ne6 19. Nxe6 1/2-1/2

[Event "Hastings Challengers 1995/96"]
[Site "Hastings"]
[Date "1995.12.29"]
[Round "2"]
[White "De Coverly, Roger D"]
[Black "Jaksland, Tim"]
[Result "0-1"]
[WhiteElo "2105"]
[BlackElo "2240"]
[PlyCount "108"]
[EventDate "1995.12.28"]
[EventType "swiss"]
[EventRounds "11"]
[EventCountry "ENG"]
[SourceTitle "BritBase"]
[Source "John Saunders"]
[SourceDate "2025.01.31"]
[SourceVersion "1"]
[SourceVersionDate "2025.01.31"]
[SourceQuality "1"]

1. d4 g6 2. e4 Bg7 3. Nc3 d6 4. Be2 Nf6 5. f4 O-O 6. Nf3 c5 7. dxc5 Qa5 8. O-O Qxc5+ 9. Kh1 Nc6 10. Bd3 Nb4 11. Qe1 Nxd3 12. cxd3 Bd7 13. Be3 Qc7 14. Rc1 Qd8 15. Qh4 Qa5 16. f5 Rfe8 17. Bh6 Rac8 18. Ng5 Bh8 19. Rcd1 Rxc3 20. bxc3 Qxc3 21. d4 Ba4 22. Rf3 Qb2 23. Rg1 Qxd4 24. Rh3 Bc6 25. Nxh7 Qxe4 26. Bf4 Nh5 27. fxg6 fxg6 28. Qg5 Nxf4 29. Rh4 e5 30. Nf6+ Bxf6 31. Qxf6 Nh5 32. Qg5 Qf5 33. Rxh5 Qxg5 34. Rxg5 Kg7 35. Rd1 d5 36. Kg1 d4 37. h4 Re7 38. h5 Re6 39. hxg6 Be8 40. Kf1 Bxg6 41. Ke1 Kf6 42. Rg3 Rd6 43. Rc1 e4 44. Rc5 b6 45. Rcg5 Bf5 46. Rh5 Rd5 47. Rg8 Rb5 48. g4 Rb1+ 49. Kf2 e3+ 50. Kg3 Be6 51. g5+ Kf7 52. Rgh8 e2 53. R8h7+ Kf8 54. Rh8+ Bg8 {Source: Roger de Coverly, 11 August 2024} 0-1

[Event "Hastings Challengers 1995/96"]
[Site "Hastings"]
[Date "1995.12.29"]
[Round "2"]
[White "Stoeber, Michael"]
[Black "Dodgson, John A"]
[Result "1/2-1/2"]
[WhiteElo "2250"]
[BlackElo "2240"]
[PlyCount "106"]
[EventDate "1995.12.28"]
[EventType "swiss"]
[EventRounds "11"]
[EventCountry "ENG"]
[SourceTitle "Denman Collection"]
[Source "Brian Denman"]
[SourceDate "2023.11.29"]
[SourceVersion "1"]
[SourceVersionDate "2023.11.29"]
[SourceQuality "1"]

1. d4 d5 2. c4 c6 3. Nf3 Nf6 4. Nc3 dxc4 5. e4 b5 6. e5 Nd5 7. a4 e6 8. axb5 Nxc3 9. bxc3 cxb5 10. Ng5 Bb7 11. Qh5 g6 12. Qg4 Be7 13. h4 h5 14. Qf4 Bxg5 15. hxg5 Bd5 16. Rh4 Rg8 17. g4 Nc6 18. gxh5 gxh5 19. Rxh5 a5 20. Rh7 Ra7 21. Be2 Qe7 22. Bh5 Qf8 23. Qf6 Qe7 24. Qh6 Qf8 25. g6 fxg6 26. Bxg6+ Kd8 27. Qxf8+ Rxf8 28. Rxa7 Nxa7 29. Rxa5 Rg8 30. Bh5 Rg1+ 31. Kd2 b4 32. Rxa7 bxc3+ 33. Kxc3 Rxc1+ 34. Kd2 Rf1 35. Ke2 Rh1 36. Bg6 Rh4 37. Ke3 Rh3+ 38. Kd2 Rh4 39. Kc3 Rh3+ 40. Kb4 Rb3+ 41. Kc5 c3 42. Ra2 Rb8 43. Rc2 Rc8+ 44. Kb5 Rc4 45. Bd3 Rxd4 46. Rxc3 Rf4 47. Rc2 Ke7 48. Kc5 Kd7 49. Bb5+ Kc7 50. Bd3 Kd7 51. Rb2 Ke7 52. Bb5 Re4 53. Re2 Rf4 {Source: probably J A Dodgson (Brian Denman Collection)} 1/2-1/2

[Event "Hastings Challengers 1995/96"]
[Site "Hastings"]
[Date "1995.12.30"]
[Round "3"]
[White "Arkell, Keith C"]
[Black "Beaton, Kenneth S"]
[Result "1-0"]
[WhiteElo "2505"]
[BlackElo "2130"]
[PlyCount "95"]
[EventDate "1995.12.28"]
[EventType "swiss"]
[EventRounds "11"]
[EventCountry "ENG"]
[SourceTitle "BritBase"]
[Source "John Saunders"]
[SourceDate "2025.01.31"]
[SourceVersion "1"]
[SourceVersionDate "2025.01.31"]
[SourceQuality "1"]

1. d4 d5 2. c4 c6 3. Nf3 Nf6 4. Nc3 dxc4 5. a4 Bf5 6. Nh4 e6 7. Nxf5 exf5 8. e3 Na6 9. Bxc4 Nb4 10. a5 Qd7 11. O-O Be7 12. Bd2 O-O 13. Qb3 Nbd5 14. Rfc1 Rac8 15. h3 Rfe8 16. Rc2 Bf8 17. Nxd5 Nxd5 18. Rac1 Nf6 19. Bb4 Bxb4 20. Qxb4 g6 21. a6 b6 22. Be2 Nd5 23. Qd2 Qd6 24. Bf3 Nb4 25. Rc4 Nd5 26. b4 Rc7 27. Qb2 Rec8 28. Qb3 Kg7 29. R1c2 Kg8 30. Rb2 Kg7 31. Rc1 Kg8 32. Rc4 Kg7 33. Qd3 Ne7 34. Rbc2 Nd5 35. Qd2 Kg8 36. g4 fxg4 37. hxg4 Kg7 38. e4 Ne7 39. e5 Qe6 40. d5 Qxe5 41. d6 Rd7 42. Re4 Qa1+ 43. Rc1 Qf6 44. Rxe7 Rxe7 45. dxe7 Qxf3 46. Qd4+ Kh6 47. Rc3 Qe2 48. Re3 1-0

[Event "Hastings Challengers 1995/96"]
[Site "Hastings"]
[Date "1995.12.30"]
[Round "3"]
[White "Buckley, Graeme N"]
[Black "Hebden, Mark L"]
[Result "1/2-1/2"]
[WhiteElo "2355"]
[BlackElo "2570"]
[PlyCount "144"]
[EventDate "1995.12.28"]
[EventType "swiss"]
[EventRounds "11"]
[EventCountry "ENG"]
[SourceTitle "BritBase"]
[Source "John Saunders"]
[SourceDate "2025.01.31"]
[SourceVersion "1"]
[SourceVersionDate "2025.01.31"]
[SourceQuality "1"]

1. d4 Nf6 2. Bg5 Ne4 3. Bh4 c6 4. Nd2 Qa5 5. c3 Nxd2 6. Qxd2 d5 7. f3 Bf5 8. Qf4 Bg6 9. e4 Nd7 10. Bd3 e5 11. dxe5 Nc5 12. Bc2 dxe4 13. fxe4 Ne6 14. Qd2 Qxe5 15. Rd1 Qc7 16. Nf3 Be7 17. Bxe7 Qxe7 18. O-O O-O 19. Qd6 Qxd6 20. Rxd6 Nc5 21. Ne5 Bxe4 22. Bxe4 Nxe4 23. Rd4 Nc5 24. Nd7 Nxd7 25. Rxd7 b6 26. Re1 Rfd8 27. Rc7 h5 28. Ree7 Rd1+ 29. Kf2 Rd2+ 30. Kg3 Rad8 31. Rxf7 R8d3+ 32. Rf3 Rxf3+ 33. gxf3 Rxb2 34. a4 Ra2 35. Rxa7 c5 36. h4 Ra3 37. Ra6 Kh7 38. c4 g6 39. Kf4 Kh6 40. Kg3 Ra1 41. Kh3 Ra2 42. Kg3 Ra3 43. Rxb6 Rxa4 44. Rc6 Rxc4 45. Rc7 Rc2 46. Kh3 Rc1 47. Kh2 Rc3 48. Kg3 Rc4 49. Kh3 Rf4 50. Rxc5 Rxf3+ 51. Kg2 Rf7 52. Ra5 Kg7 53. Kg3 Rd7 54. Ra6 Rd3+ 55. Kg2 Kf7 56. Kh2 Re3 57. Kg2 Re6 58. Ra3 Re4 59. Kg3 Kf6 60. Ra6+ Kf5 61. Ra5+ Re5 62. Ra3 Rc5 63. Rb3 Rc1 64. Ra3 Rg1+ 65. Kh3 Rd1 66. Ra5+ Kf4 67. Ra4+ Ke5 68. Kg3 Rd3+ 69. Kg2 Rd4 70. Ra5+ Rd5 71. Rxd5+ Kxd5 72. Kf3 Ke5 1/2-1/2

[Event "Hastings Challengers 1995/96"]
[Site "Hastings"]
[Date "1995.12.30"]
[Round "3"]
[White "Cafolla, Peter"]
[Black "Giddins, Stephen W"]
[Result "0-1"]
[WhiteElo "2160"]
[BlackElo "2345"]
[PlyCount "50"]
[EventDate "1995.12.28"]
[EventType "swiss"]
[EventRounds "11"]
[EventCountry "ENG"]
[SourceTitle "BritBase"]
[Source "John Saunders"]
[SourceDate "2025.01.31"]
[SourceVersion "1"]
[SourceVersionDate "2025.01.31"]
[SourceQuality "1"]

1. d4 d5 2. c4 c6 3. Nc3 Nf6 4. cxd5 cxd5 5. Nf3 Nc6 6. Bf4 Bf5 7. e3 e6 8. Qb3 Bb4 9. Bb5 O-O 10. Bxc6 Bxc3+ 11. bxc3 bxc6 12. O-O Ne4 13. Rfc1 g5 14. Bg3 h5 15. Ne5 h4 16. Nxc6 Qe8 17. Qb7 hxg3 18. Ne7+ Kh8 19. hxg3 Bh7 20. Qc7 f6 21. Rcb1 Rf7 22. Rb7 Rc8 23. Qxc8 Qxc8 24. Nxc8 Rxb7 25. f3 Nxc3 0-1

[Event "Hastings Challengers 1995/96"]
[Site "Hastings"]
[Date "1995.12.30"]
[Round "3"]
[White "Damm, Fabian"]
[Black "Flear, Glenn C"]
[Result "0-1"]
[WhiteElo "2205"]
[BlackElo "2495"]
[PlyCount "70"]
[EventDate "1995.12.28"]
[EventType "swiss"]
[EventRounds "11"]
[EventCountry "ENG"]
[SourceTitle "BritBase"]
[Source "John Saunders"]
[SourceDate "2025.01.31"]
[SourceVersion "1"]
[SourceVersionDate "2025.01.31"]
[SourceQuality "1"]

1. d4 Nf6 2. g3 d5 3. Bg2 c6 4. Nf3 Bg4 5. Ne5 Bh5 6. c4 e6 7. Nc3 Nbd7 8. Qb3 Qb6 9. Nxd7 Nxd7 10. c5 Qc7 11. Bf4 e5 12. dxe5 Nxc5 13. Qc2 Ne6 14. O-O Be7 15. Rac1 g5 16. Bd2 Qxe5 17. e3 Bg6 18. Qd1 O-O 19. f4 gxf4 20. gxf4 Qf5 21. Rf3 Bh5 22. Rg3+ Kh8 23. Qf1 Rg8 24. e4 dxe4 25. Nxe4 Rg6 26. Qc4 Rd8 27. b4 Kg8 28. Be3 Nxf4 29. Rxg6+ hxg6 30. Ng3 Nh3+ 31. Kh1 Qg4 32. Qb3 Ng5 33. Nxh5 Qxh5 34. Bxa7 Rd2 35. Be3 Rxg2 0-1

[Event "Hastings Challengers 1995/96"]
[Site "Hastings"]
[Date "1995.12.30"]
[Round "3"]
[White "Ferguson, Mark"]
[Black "Bouchaud, Vincent"]
[Result "1-0"]
[WhiteElo "2360"]
[BlackElo "2180"]
[PlyCount "81"]
[EventDate "1995.12.28"]
[EventType "swiss"]
[EventRounds "11"]
[EventCountry "ENG"]
[SourceTitle "BritBase"]
[Source "John Saunders"]
[SourceDate "2025.01.31"]
[SourceVersion "1"]
[SourceVersionDate "2025.01.31"]
[SourceQuality "1"]

1. e4 e5 2. Nf3 Nc6 3. Nc3 Nf6 4. Bb5 Bb4 5. O-O O-O 6. d3 d6 7. Bg5 Bxc3 8. bxc3 Ne7 9. Nh4 Ng6 10. Nxg6 fxg6 11. Bc4+ Kh8 12. f3 h6 13. Bd2 Nh5 14. Qe1 g5 15. Rb1 b6 16. Qe3 Qe7 17. Bd5 Rb8 18. g3 Bd7 19. Qe2 Qe8 20. Rbe1 Qg6 21. d4 c6 22. Bb3 Rb7 23. Bc1 Bc8 24. Ba3 c5 25. dxe5 dxe5 26. Rd1 g4 27. fxg4 Nf6 28. h3 Re8 29. Ba4 Rg8 30. Bb3 Re8 31. Ba4 Rg8 32. Bc6 Rc7 33. Rd6 Bb7 34. Bxb7 Rxb7 35. Rf5 Re8 36. Bc1 Kg8 37. Kg2 Qf7 38. Bxh6 Qc7 39. Qd2 Kh7 40. Bxg7 Qxg7 41. Rfxf6 1-0

[Event "Hastings Challengers 1995/96"]
[Site "Hastings"]
[Date "1995.12.30"]
[Round "3"]
[White "Fox, Anthony"]
[Black "Ledger, Andrew J"]
[Result "1/2-1/2"]
[WhiteElo "2125"]
[BlackElo "2410"]
[PlyCount "92"]
[EventDate "1995.12.28"]
[EventType "swiss"]
[EventRounds "11"]
[EventCountry "ENG"]
[SourceTitle "BritBase"]
[Source "John Saunders"]
[SourceDate "2025.01.31"]
[SourceVersion "1"]
[SourceVersionDate "2025.01.31"]
[SourceQuality "1"]

1. e4 c6 2. d3 e5 3. Nf3 Nf6 4. g3 Be7 5. Bg2 O-O 6. O-O d6 7. Nbd2 Re8 8. Re1 Bf8 9. a4 Qc7 10. c3 d5 11. Qc2 Bg4 12. h3 Bh5 13. b3 Nbd7 14. Nh4 Rad8 15. Bf1 Nc5 16. b4 Ne6 17. Rb1 Rd7 18. Ndf3 d4 19. c4 a5 20. b5 cxb5 21. axb5 Bb4 22. Nd2 Rdd8 23. Be2 Bxe2 24. Rxe2 Nd7 25. Ndf3 Ndc5 26. Ng5 Nf8 27. f4 exf4 28. gxf4 f6 29. Ngf3 Nfe6 30. Ng2 Nxd3 31. Qxd3 Nc5 32. Qd1 d3 33. Re3 Nxe4 34. Rxe4 Rxe4 35. Bd2 Qc5+ 36. Kh1 Qxc4 37. Bxb4 axb4 38. Nd2 Qe6 39. Nxe4 Qxe4 40. Qd2 Qf5 41. Kh2 Qxb5 42. Rxb4 Qd5 43. Ne1 h6 44. Ra4 Qd6 45. Rc4 b5 46. Rc3 Qb4 1/2-1/2

[Event "Hastings Challengers 1995/96"]
[Site "Hastings"]
[Date "1995.12.30"]
[Round "3"]
[White "Howell, Christopher I"]
[Black "Heinzel, Olaf"]
[Result "1-0"]
[WhiteElo "2080"]
[BlackElo "2310"]
[PlyCount "115"]
[EventDate "1995.12.28"]
[EventType "swiss"]
[EventRounds "11"]
[EventCountry "ENG"]
[SourceTitle "BritBase"]
[Source "John Saunders"]
[SourceDate "2025.01.31"]
[SourceVersion "1"]
[SourceVersionDate "2025.01.31"]
[SourceQuality "1"]

1. e4 d5 2. exd5 Qxd5 3. Nc3 Qa5 4. Nf3 Bg4 5. h3 Bxf3 6. Qxf3 c6 7. Bc4 Nf6 8. O-O e6 9. d3 Nbd7 10. Bf4 Ne5 11. Bxe5 Qxe5 12. Rae1 Qg5 13. Ne4 Qg6 14. Ba6 Rb8 15. Qf4 Nd7 16. Bc4 Be7 17. Nd6+ Bxd6 18. Qxd6 Kd8 19. Rxe6 Qg5 20. Re3 Qc5 21. Qxc5 Nxc5 22. Bxf7 Rf8 23. Bh5 g6 24. Bf3 Re8 25. Rfe1 Rxe3 26. Rxe3 Kd7 27. d4 Na4 28. b3 Nb6 29. c4 Rf8 30. a4 Rf4 31. Re4 Rf7 32. Bg4+ Kd8 33. d5 cxd5 34. cxd5 h5 35. Be6 Rc7 36. a5 Rc1+ 37. Kh2 Nd7 38. Rb4 Nc5 39. Bf7 Rc3 40. Bxg6 Rxb3 41. Rxb3 Nxb3 42. Bxh5 Nxa5 43. Be2 Nb3 44. h4 Ke7 45. h5 Nd4 46. Bd3 a5 47. h6 Kf6 48. h7 Kg7 49. d6 a4 50. d7 Ne6 51. Kg3 a3 52. Bc4 Nd8 53. Kf4 Kxh7 54. Ke5 b5 55. Ba2 Kg7 56. Kd6 Kf8 57. Kc7 Ke7 58. g4 1-0

[Event "Hastings Challengers 1995/96"]
[Site "Hastings"]
[Date "1995.12.30"]
[Round "3"]
[White "Hunt, Adam C"]
[Black "Emms, John M"]
[Result "0-1"]
[WhiteElo "2180"]
[BlackElo "2485"]
[PlyCount "60"]
[EventDate "1995.12.28"]
[EventType "swiss"]
[EventRounds "11"]
[EventCountry "ENG"]
[SourceTitle "BritBase"]
[Source "John Saunders"]
[SourceDate "2025.01.31"]
[SourceVersion "1"]
[SourceVersionDate "2025.01.31"]
[SourceQuality "1"]

1. e4 e5 2. Nf3 Nc6 3. Bb5 a6 4. Ba4 Nf6 5. O-O b5 6. Bb3 Bc5 7. Bd5 O-O 8. d3 Re8 9. Bg5 h6 10. Bh4 Bb7 11. c3 g5 12. Bg3 d6 13. h4 Nxd5 14. exd5 Nb8 15. hxg5 hxg5 16. Qd2 f6 17. c4 c6 18. Nc3 b4 19. dxc6 Nxc6 20. Nd5 Kg7 21. Rfe1 Rh8 22. d4 Nxd4 23. Nxd4 Bxd4 24. Qxb4 Rb8 25. Qa4 Bxd5 26. cxd5 Qe8 27. Qxe8 Rhxe8 28. Rac1 Rxb2 29. Rc6 Rd8 30. a4 f5 0-1

[Event "Hastings Challengers 1995/96"]
[Site "Hastings"]
[Date "1995.12.30"]
[Round "3"]
[White "Jaksland, Tim"]
[Black "Cooper, Lawrence"]
[Result "0-1"]
[WhiteElo "2240"]
[BlackElo "2315"]
[PlyCount "132"]
[EventDate "1995.12.28"]
[EventType "swiss"]
[EventRounds "11"]
[EventCountry "ENG"]
[SourceTitle "BritBase"]
[Source "John Saunders"]
[SourceDate "2025.01.31"]
[SourceVersion "1"]
[SourceVersionDate "2025.01.31"]
[SourceQuality "1"]

1. e4 e5 2. Nc3 Nf6 3. Bc4 Bc5 4. d3 c6 5. f4 exf4 6. Bxf4 d5 7. exd5 cxd5 8. Bb5+ Nc6 9. d4 Bb6 10. Nf3 O-O 11. O-O Bg4 12. Ne2 Ne4 13. c3 f6 14. Bd3 Qd7 15. Qb3 Rae8 16. Rae1 Kh8 17. Ng3 Nxg3 18. Bxg3 Rxe1 19. Rxe1 Bf5 20. Qc2 Bxd3 21. Qxd3 a6 22. Qe2 Kg8 23. Qe3 Rf7 24. Qe8+ Qxe8 25. Rxe8+ Rf8 26. Re2 Kf7 27. Ne1 Re8 28. Rxe8 Kxe8 29. Nd3 g5 30. Kf2 Kf7 31. Kf3 Ne7 32. Nb4 Ba5 33. Nc2 Nf5 34. Ne3 Ke6 35. Bf2 h5 36. h3 b5 37. a3 Nd6 38. g4 hxg4+ 39. hxg4 Nc4 40. Nxc4 bxc4 41. Be3 Bd8 42. Bd2 Be7 43. Bc1 f5 44. Be3 f4 45. Bd2 Bd6 46. Ke2 Kd7 47. Kd1 Kc6 48. Kc2 Kb5 49. b4 Ka4 50. Kb2 f3 51. Be1 Bh2 52. Bf2 Bf4 53. Ka2 Bc1 54. Kb1 Bxa3 55. Kc2 a5 56. bxa5 Kxa5 57. Be3 Ka4 58. Bf2 Bd6 59. Kb2 Bf4 60. Ka2 Bc7 61. Kb2 Bd6 62. Ka2 Bh2 63. Kb2 Bf4 64. Ka2 Bc1 65. Kb1 Kb3 66. Kxc1 Kxc3 0-1

[Event "Hastings Challengers 1995/96"]
[Site "Hastings"]
[Date "1995.12.30"]
[Round "3"]
[White "Kelly, Brian R"]
[Black "Williams, Leighton"]
[Result "1-0"]
[WhiteElo "2300"]
[BlackElo "2110"]
[PlyCount "83"]
[EventDate "1995.12.28"]
[EventType "swiss"]
[EventRounds "11"]
[EventCountry "ENG"]
[SourceTitle "BritBase"]
[Source "John Saunders"]
[SourceDate "2025.01.31"]
[SourceVersion "1"]
[SourceVersionDate "2025.01.31"]
[SourceQuality "1"]

1. c4 g6 2. Nc3 Bg7 3. d4 Nf6 4. e4 d6 5. Nf3 O-O 6. Be2 e5 7. O-O Nc6 8. d5 Ne7 9. Ne1 Ne8 10. Be3 f5 11. f3 f4 12. Bf2 g5 13. c5 Ng6 14. a4 Rf7 15. a5 Bf8 16. b4 Rg7 17. Rc1 h5 18. Nd3 g4 19. Kh1 Qg5 20. g3 Nf6 21. Qd2 gxf3 22. Bxf3 Bh3 23. Rg1 Ng4 24. Ne2 Be7 25. gxf4 Nxf4 26. Nexf4 exf4 27. Be1 Rf8 28. Nf2 Nxf2+ 29. Bxf2 Qh6 30. Rxg7+ Kxg7 31. Rg1+ Kh7 32. Qd3 Rg8 33. e5+ Kh8 34. Qe4 dxe5 35. Qxe5+ Bf6 36. Qxh5 Qxh5 37. Bxh5 Rxg1+ 38. Kxg1 Bc3 39. c6 bxc6 40. dxc6 Bxb4 41. a6 f3 42. Bxf3 1-0

[Event "Hastings Challengers 1995/96"]
[Site "Hastings"]
[Date "1995.12.30"]
[Round "3"]
[White "Ledger, David J"]
[Black "Avni, Amatzia"]
[Result "0-1"]
[WhiteElo "2305"]
[BlackElo "2360"]
[PlyCount "78"]
[EventDate "1995.12.28"]
[EventType "swiss"]
[EventRounds "11"]
[EventCountry "ENG"]
[SourceTitle "BritBase"]
[Source "John Saunders"]
[SourceDate "2025.01.31"]
[SourceVersion "1"]
[SourceVersionDate "2025.01.31"]
[SourceQuality "1"]

1. Nf3 e6 2. g3 b5 3. Bg2 Bb7 4. O-O Nf6 5. d3 Be7 6. e4 d6 7. Nc3 b4 8. Ne2 c5 9. a3 O-O 10. Re1 Nc6 11. h3 a5 12. g4 Qc7 13. Ng3 Nd4 14. Be3 Nxf3+ 15. Qxf3 Nd7 16. Qe2 Bf6 17. Rab1 Nb6 18. g5 Bd4 19. f4 bxa3 20. bxa3 Na4 21. Qg4 Nc3 22. Bxd4 cxd4 23. Rb3 Rae8 24. Rf1 g6 25. Rf2 Bc8 26. Nf1 f5 27. gxf6 Rxf6 28. Ng3 Ref8 29. f5 Kh8 30. Qh4 e5 31. Rf1 gxf5 32. exf5 d5 33. Qg5 Qf7 34. Rb8 Rg8 35. Qh4 Qg7 36. Ra8 Ne2+ 37. Kh2 Nxg3 38. Rg1 Nxf5 39. Qe1 Rg6 0-1

[Event "Hastings Challengers 1995/96"]
[Site "Hastings"]
[Date "1995.12.30"]
[Round "3"]
[White "Malaniuk, Vladimir P"]
[Black "Cherniaev, Alexander"]
[Result "1/2-1/2"]
[WhiteElo "2580"]
[BlackElo "2450"]
[PlyCount "72"]
[EventDate "1995.12.28"]
[EventType "swiss"]
[EventRounds "11"]
[EventCountry "ENG"]
[SourceTitle "BritBase"]
[Source "John Saunders"]
[SourceDate "2025.01.31"]
[SourceVersion "1"]
[SourceVersionDate "2025.01.31"]
[SourceQuality "1"]

1. d4 Nf6 2. Nf3 d6 3. g3 g6 4. Bg2 Bg7 5. O-O O-O 6. Nc3 Nbd7 7. e4 e5 8. Re1 c6 9. a4 Re8 10. h3 Qc7 11. a5 Rb8 12. d5 cxd5 13. exd5 a6 14. Ra3 b5 15. b4 Bb7 16. Nh2 e4 17. Rb3 Rbc8 18. Re2 Qc4 19. Nf1 Nxd5 20. Nxd5 Qxd5 21. Rd2 Qc4 22. Ne3 Qc7 23. Rxd6 Ne5 24. Bb2 Red8 25. Bxe5 Bxe5 26. Rxd8+ Rxd8 27. Qe2 Bd4 28. Rb1 Bxe3 29. Qxe3 Qxc2 30. Rc1 Rd1+ 31. Rxd1 Qxd1+ 32. Kh2 Qd5 33. h4 h5 34. Qb6 Kg7 35. Kg1 Bc8 36. Qe3 Bb7 1/2-1/2

[Event "Hastings Challengers 1995/96"]
[Site "Hastings"]
[Date "1995.12.30"]
[Round "3"]
[White "Marusenko, Petr"]
[Black "Pert, Richard G"]
[Result "1-0"]
[WhiteElo "2305"]
[BlackElo "2110"]
[PlyCount "123"]
[EventDate "1995.12.28"]
[EventType "swiss"]
[EventRounds "11"]
[EventCountry "ENG"]
[SourceTitle "BritBase"]
[Source "John Saunders"]
[SourceDate "2025.01.31"]
[SourceVersion "1"]
[SourceVersionDate "2025.01.31"]
[SourceQuality "1"]

1. e4 c5 2. Nf3 d6 3. d4 cxd4 4. Nxd4 Nf6 5. Nc3 g6 6. Be3 Bg7 7. f3 O-O 8. Qd2 Nc6 9. O-O-O Nxd4 10. Bxd4 Be6 11. Kb1 Qc7 12. h4 Rfc8 13. g4 Qa5 14. Qg5 Qxg5 15. hxg5 Nd7 16. Bxg7 Kxg7 17. Be2 Bc4 18. Bxc4 Rxc4 19. Nd5 Re8 20. Rh3 e6 21. Ne3 Rc6 22. c4 Rh8 23. b3 a6 24. Rh2 Nc5 25. Nc2 Rd8 26. Rhd2 e5 27. Nb4 Rb6 28. Nd5 Rc6 29. Nb4 Rb6 30. Nd3 Nxd3 31. Rxd3 Rc6 32. Rd5 f6 33. gxf6+ Kxf6 34. c5 Ke6 35. g5 Rd7 36. Rxd6+ Rdxd6 37. Rxd6+ Rxd6 38. cxd6 Kxd6 39. Kc2 Kc5 40. Kd3 b5 41. a3 a5 42. Kc3 Kd6 43. b4 a4 44. Kd3 Kc7 45. Ke3 Kd7 46. f4 exf4+ 47. Kxf4 Kd6 48. Kf3 Ke6 49. Ke2 Kf7 50. Ke3 Kg7 51. Kf4 h6 52. gxh6+ Kxh6 53. Ke5 Kg7 54. Ke6 g5 55. Kf5 Kf7 56. Kxg5 Ke6 57. Kf4 Kd6 58. Kf5 Kc6 59. Ke6 Kc7 60. e5 Kc6 61. Kf7 Kd5 62. e6 1-0